000 00842cam a22002054a 4500
005 20250605163951.0
008 250528s ||||||||||||||||||||||||d
035 _a15368
020 _a30899281
040 _aGR-AtMCL
_bgre
_dGR-AtMCL
_eAACR2
245 1 _aManagers and Subordinates
260 _bThe Dryden Press,
_c1976
300 _a210
505 0 _aIndividuals and Organizations, Motivation, Supervisors and Productivity, Communication, Promotion, Development, Absenteeism and Turnover, Grievances, Performance Appraisal, Morale, Index.
520 _aIndividuals and Organizations, Motivation, Supervisors and Productivity, Communication, Promotion, Development, Absenteeism and Turnover, Grievances, Performance Appraisal, Morale, Index.
700 1 _aGellerman W. Saul
_91272
942 _cBK
999 _c954
_d954